Oki - 77747mixtape - Statystyki

Ogólne statystyki
  • Ten quiz został rozwiązany 43 razy
  • Średni wynik to 9 z 14
Statystyki odpowiedzi
Numer Tytuł Gość % Poprawnych
2 DLA ZIOMALI Żabson
94%
1 77747
86%
7 SIRI Gedz
86%
6 NOWY CZEK Otsochodzi
67%
4 POLITYK Young Igi
67%
10 TAK BARDZO DZIARMA & Gverilla
67%
5 ZA KAŻDĄ Z MOICH PRÓŚB Paluch
67%
9 50 CENTÓW Ero
64%
12 NIE MARTW SIĘ MAMO
58%
13 OBRACAM KOŁEM
58%
8 SKIT O MARIHUANIE
56%
3 JEDEN DZIEŃ
50%
11 SUK
50%
14 TRUP
50%
Nie znaleziono quizów pasujących do podanych kryteriów
Rozkład punktacji
Procent ludzi z każdym wynikiem
Percentyl według liczby udzielonych odpowiedzi
Twoja historia wyników
Nie rozwiązałeś tego quizu